000 00261nam a22001217a 4500
008 181129b xxu||||| |||| 00| 0 eng d
041 _aeng
080 _a043.3
100 _a0
101 _aBTH=SHKI
245 _aWiMAX Voice
_cKashtanjeva,A
942 _2udc
_cBK
999 _c52675
_d52675